Remote sensing and image interpretation / (Record no. 23374)
[ view plain ]
| 000 -LEADER | |
|---|---|
| fixed length control field | 01303cam a22003495a 4500 |
| 001 - CONTROL NUMBER | |
| control field | 14920031 |
| 005 - DATE AND TIME OF LATEST TRANSACTION | |
| control field | 20161128135238.0 |
| 008 - FIXED-LENGTH DATA ELEMENTS--GENERAL INFORMATION | |
| fixed length control field | 070709r20142008ii abf fr 001 0 eng d |
| 010 ## - LIBRARY OF CONGRESS CONTROL NUMBER | |
| LC control number | 2007028033 |
| 015 ## - NATIONAL BIBLIOGRAPHY NUMBER | |
| National bibliography number | GBA873140 |
| Source | bnb |
| 016 7# - NATIONAL BIBLIOGRAPHIC AGENCY CONTROL NUMBER | |
| Record control number | 014633182 |
| Source | Uk |
| 020 ## - INTERNATIONAL STANDARD BOOK NUMBER | |
| International Standard Book Number | 9788126532230 |
| 020 ## - INTERNATIONAL STANDARD BOOK NUMBER | |
| International Standard Book Number | 8126532238 |
| 035 ## - SYSTEM CONTROL NUMBER | |
| System control number | (OCoLC)ocn144219714 |
| 040 ## - CATALOGING SOURCE | |
| Original cataloging agency | DLC |
| Transcribing agency | DLC |
| Modifying agency | BTCTA |
| -- | BAKER |
| -- | C#P |
| -- | BWX |
| -- | YDXCP |
| -- | UKM |
| -- | NLGGC |
| -- | EG-ScBUE |
| 082 04 - DEWEY DECIMAL CLASSIFICATION NUMBER | |
| Edition number | 22 |
| Classification number | 621.3678 |
| Item number | LIL |
| 100 1# - MAIN ENTRY--PERSONAL NAME | |
| Personal name | Lillesand, Thomas M. |
| 9 (RLIN) | 41700 |
| 245 10 - TITLE STATEMENT | |
| Title | Remote sensing and image interpretation / |
| Statement of responsibility, etc | Thomas M. Lillesand, Ralph W. Kiefer, Jonathan W. Chipman. |
| 250 ## - EDITION STATEMENT | |
| Edition statement | 6th ed. |
| 260 ## - PUBLICATION, DISTRIBUTION, ETC. (IMPRINT) | |
| Place of publication, distribution, etc | New Delhi : |
| Name of publisher, distributor, etc | Wiley India (P.) Ltd., |
| Date of publication, distribution, etc | 2014. |
| 300 ## - PHYSICAL DESCRIPTION | |
| Extent | xii, 756 p., [36] p. of plates : |
| Other physical details | ill. (some col.), maps (some col.) ; |
| Dimensions | 25 cm. |
| 500 ## - GENERAL NOTE | |
| General note | Index : p. 746-756. |
| 504 ## - BIBLIOGRAPHY, ETC. NOTE | |
| Bibliography, etc | Includes bibliographical references. |
| 590 ## - LOCAL NOTE (RLIN) | |
| Local note | Wessam |
| 650 #0 - SUBJECT ADDED ENTRY--TOPICAL TERM | |
| Topical term or geographic name as entry element | Remote sensing. |
| Source of heading or term | BUEsh |
| 651 ## - SUBJECT ADDED ENTRY--GEOGRAPHIC NAME | |
| Source of heading or term | BUEsh |
| 700 1# - ADDED ENTRY--PERSONAL NAME | |
| Personal name | Kiefer, Ralph W. |
| 9 (RLIN) | 41701 |
| 700 1# - ADDED ENTRY--PERSONAL NAME | |
| Personal name | Chipman, Jonathan W. |
| 9 (RLIN) | 41702 |
| 856 42 - ELECTRONIC LOCATION AND ACCESS | |
| Materials specified | Publisher description |
| Uniform Resource Identifier | <a href="http://www.loc.gov/catdir/enhancements/fy0814/2007028033-d.html">http://www.loc.gov/catdir/enhancements/fy0814/2007028033-d.html</a> |
| 856 41 - ELECTRONIC LOCATION AND ACCESS | |
| Materials specified | Table of contents only |
| Uniform Resource Identifier | <a href="http://www.loc.gov/catdir/enhancements/fy0814/2007028033-t.html">http://www.loc.gov/catdir/enhancements/fy0814/2007028033-t.html</a> |
| 942 ## - ADDED ENTRY ELEMENTS (KOHA) | |
| Source of classification or shelving scheme | Dewey Decimal Classification |
| Edition | 22 |
| Call number prefix | 621.3678 LIL |
| Withdrawn status | Item status | Source of classification or shelving scheme | Damaged status | Not for loan | Vendor | Home library | Current library | Shelving location | Date acquired | Source of acquisition | Cost, normal purchase price | Serial Enumeration / chronology | Total Checkouts | Full call number | Barcode | Date last seen | Cost, replacement price | Koha item type |
|---|---|---|---|---|---|---|---|---|---|---|---|---|---|---|---|---|---|---|
| Dewey Decimal Classification | Alahram | Central Library | Central Library | First floor | 28/11/2016 | Purchase | 270.00 | 117 | 621.3678 LIL | 000034820 | 15/07/2025 | 337.50 | Book - Borrowing |